| 000 | 01147nam a22002777a 4500 | ||
|---|---|---|---|
| 999 |
_c158054 _d158054 |
||
| 005 | 20190408110140.0 | ||
| 010 | _aENG-124278 B-713038 B-721053 | ||
| 020 |
_c895.00 _a9789386515636 |
||
| 020 | _c950.00 | ||
| 035 | _aEN-107810 | ||
| 035 | _aB-713038 | ||
| 035 | _aB-721053 | ||
| 037 | _bDBAD/PUB | ||
| 037 | _bAksharesh Enterprises | ||
| 082 | _a000 | ||
| 100 | _aArora, Manish | ||
| 245 |
_aUniversal's guide to CLAT & LL.B. entrance examination 2019-20 / _cby Manish Arora |
||
| 250 | _a29th ed. | ||
| 260 |
_aGurgaon _bLexis Nexis _c2018 |
||
| 270 |
_a14th Floor, Building No-10, Tower-B, DLF Cyber City, Phase-II _bGurgaon _e122002 |
||
| 300 |
_axii, 1306p.: _c24cm(pbk) _bill. |
||
| 500 | _aMore than 8500 solved questions | ||
| 942 |
_2ddc _cEN _mARO _h000 |
||